| 000 | 00836nmm a2200253 a 4500 | ||
|---|---|---|---|
| 001 | ocm000701555 | ||
| 003 | TR-IsHL | ||
| 005 | 20201028132243.0 | ||
| 008 | 131030s2001 tu tur | ||
| 007 | cr cn | ||
| 035 |
_a701555 _b(N$T) |
||
| 050 | 0 | 4 |
_aHF1359 _b.I95 2001 |
| 090 | 0 | 4 |
_aHF1359 _b.I95 2001 |
| 100 | 1 | _aİyibozkurt, Erol | |
| 245 | 1 | 0 |
_aUluslararası iktisat _h[electronic resource] / _cErol İyibozkurt |
| 260 |
_aBursa : _bEzgi Kitabevi, _c2001 |
||
| 300 | _a592 p. | ||
| 650 | 4 | _aEkonomi ve Finans | |
| 650 | 4 | _aEconomics and Finance | |
| 650 | 0 | _aUluslararası ekonomik ilişkiler | |
| 650 | 0 | _aInternational economic relations | |
| 650 | 7 |
_aBUSINESS & ECONOMICS / International / Economics _2bisacsh |
|
| 856 | 4 | 0 | _uhttp://search.ebscohost.com/login.aspx?direct=true&scope=site&db=e011xww&AN=701555 |
| 999 |
_c4995 _d4995 |
||